| 000 | 00652nam a2200121Ia 4500 | ||
|---|---|---|---|
| 008 | 220620s9999||||xx |||||||||||||| ||und|| | ||
| 100 | _aMinty, Michiko G.||Zimmermann, Frank | ||
| 245 | 0 | _aMeasurement and Control of Charged Particle Beams | |
| 546 | _aEnglish[eng] | ||
| 650 | _aParticle Acceleration and Detection, Beam Physics||Measurement Science and Instrumentation||Accelerator Physics||CERN||DESY||Particle accelerator||Storage ring||control||measurement||Open Access||Particle & high-energy physics||Scientific standards, measurement etc | ||
| 856 | _uhttps://library.oapen.org/bitstream/20.500.12657/50057/1/978-3-662-08581-3.pdf | ||
| 942 | _cEB | ||
| 999 |
_c35026 _d35026 |
||